Une veille documentaire éditorialisée et personnalisée : le modèle Sidoni au département de la Vendée (notice n° 1857690)

détails MARC
000 -LEADER
fixed length control field 01487cam a2200229 4500500
005 - DATE AND TIME OF LATEST TRANSACTION
control field 20260329011010.0
041 ## - LANGUAGE CODE
Language code of text/sound track or separate title fre
042 ## - AUTHENTICATION CODE
Authentication code dc
100 10 - MAIN ENTRY--PERSONAL NAME
Personal name Fumeron, Martine
Relator term author
245 00 - TITLE STATEMENT
Title Une veille documentaire éditorialisée et personnalisée : le modèle Sidoni au département de la Vendée
260 ## - PUBLICATION, DISTRIBUTION, ETC.
Date of publication, distribution, etc. 2020.<br/>
500 ## - GENERAL NOTE
General note 83
520 ## - SUMMARY, ETC.
Summary, etc. Mieux répondre aux besoins d’information des utilisateurs, se conformer à la réglementation tout en maîtrisant les coûts, donner plus de sens à son activité… Pour relever ces défis, l’équipe du service Documentation du Département de la Vendée a adapté sa stratégie documentaire, et imaginé « une info servie sur un plateau » : des produits de veille éditorialisés et personnalisés. Portée par une refonte radicale du langage documentaire et une plateforme innovante de publication digitale, cette politique pionnière se traduit par un workflow intense et minutieux, mais efficace et gratifiant. Sidoni, c’est aussi un service rebaptisé, des métiers revalorisés, légitimés.
690 ## - LOCAL SUBJECT ADDED ENTRY--TOPICAL TERM (OCLC, RLIN)
Topical term or geographic name as entry element curation
690 ## - LOCAL SUBJECT ADDED ENTRY--TOPICAL TERM (OCLC, RLIN)
Topical term or geographic name as entry element éditorialisation
690 ## - LOCAL SUBJECT ADDED ENTRY--TOPICAL TERM (OCLC, RLIN)
Topical term or geographic name as entry element plateforme de publication
690 ## - LOCAL SUBJECT ADDED ENTRY--TOPICAL TERM (OCLC, RLIN)
Topical term or geographic name as entry element veille
690 ## - LOCAL SUBJECT ADDED ENTRY--TOPICAL TERM (OCLC, RLIN)
Topical term or geographic name as entry element workflow
700 10 - ADDED ENTRY--PERSONAL NAME
Personal name Arnaud, Daniel
Relator term author
786 0# - DATA SOURCE ENTRY
Note I2D - Information, données & documents | 2 | 2 | 2020-11-17 | p. 66-77 | 2428-2111
856 41 - ELECTRONIC LOCATION AND ACCESS
Uniform Resource Identifier <a href="https://shs.cairn.info/revue-i2d-information-donnees-et-documents-2020-2-page-66?lang=fr&redirect-ssocas=7080">https://shs.cairn.info/revue-i2d-information-donnees-et-documents-2020-2-page-66?lang=fr&redirect-ssocas=7080</a>

Pas d'exemplaire disponible.

PLUDOC

PLUDOC est la plateforme unique et centralisée de gestion des bibliothèques physiques et numériques de Guinée administré par le CEDUST. Elle est la plus grande base de données de ressources documentaires pour les Étudiants, Enseignants chercheurs et Chercheurs de Guinée.

Adresse

627 919 101/664 919 101

25 boulevard du commerce
Kaloum, Conakry, Guinée

Réseaux sociaux

Powered by Netsen Group @ 2025